Croatian towns and municipalities coats of arms: Istria - Statistics

General Stats
  • This quiz has been taken 83 times
  • The average score is 23 of 41
Answer Stats
Picture Answer % Correct
Pula-Pola
97%
Rovinj-Rovigno
95%
Poreč-Parenzo
90%
Buzet
86%
Labin
86%
Umag-Umago
86%
Pazin
85%
Buje-Buie
80%
Cerovlje
78%
Novigrad-Cittanova
73%
Fažana-Fasana
69%
Grožnjan-Grisignana
69%
Medulin
66%
Vodnjan-Dignano
66%
Motovun-Montona
64%
Vrsar-Orsera
59%
Bale-Valle
56%
Višnjan-Visignano
56%
Sveti Petar u Šumi
54%
Raša
53%
Svetvinčenat
53%
Žminj
53%
Funtana-Fontane
51%
Tar-Vabriga-Torre-Abrega
51%
Barban
49%
Kanfanar
47%
Ližnjan-Lisignano
44%
Marčana
44%
Tinjan
44%
Karojba
41%
Lanišće
39%
Sveti Lovreč
37%
Vižinada-Visinada
37%
Lupoglav
36%
Pićan
36%
Brtonigla-Verteneglio
34%
Oprtalj-Portole
34%
Sveta Nedelja
31%
Gračišće
29%
Kaštelir-Labinci- Castellier-Santa Domenica
29%
Kršan
27%
No matching quizzes found
Score Distribution
Percent of People with Each Score
Percentile by Number Answered
Your Score History
You have not taken this quiz